000 00387nam a2200133Ia 4500
008 210430s9999 xx 000 0 und d
020 _a978-1632400796
082 _a662.669 M298B
100 _aMarcel, Kurt
_954855
245 _aBiodiesel Production Feedstocks and Methods /
_cMarcel, Kurt
260 _aNew Jersey.
_bLanrye International.
_c2015
300 _a236p.
942 _cREF
_2ddc
999 _c565743
_d565743